000 00284nam a22001337a 4500
008 170622b xxu||||| |||| 00| 0 eng d
020 _a9781597974271
041 _aeng
080 _a94
100 _a16
101 _aSHH
245 _aTHE OTHER WAR
_cNEUMANN,R.E
942 _2udc
_cBK
999 _c18813
_d18813